| 000 | 00770nam a22002657a 4500 | ||
|---|---|---|---|
| 001 | 0074 | ||
| 003 | DO-SdBNP | ||
| 005 | 20171211095940.0 | ||
| 007 | 0074 | ||
| 008 | 151113b sp 1998 xxu||||| |||| 00| 0 spa d | ||
| 040 |
_aBPMSU _bspa _cBPMSU |
||
| 082 |
_a863.44 _bT692c |
||
| 100 | 1 | 0 |
_aTorrente Ballester, Gonzalo _d1910-1999 |
| 245 | 1 | 3 |
_aEl cuento de sirena / _cGonzalo Torrente Ballester |
| 260 |
_aDifusión Directa Édera : _bBarcelona , _c1998. |
||
| 300 |
_a96 p. : _c21 cm. |
||
| 490 | 1 |
_aDiez minutos ; _v2 |
|
| 650 | _aCUENTOS ESPAÑOLES | ||
| 650 | _aLITERATURA ESPAÑOLA | ||
| 830 | 0 |
_aDiez minutos ; _n2 |
|
| 942 |
_2ddc _cBK |
||
| 945 | _aInventariado extranjero / 2017 VM | ||
| 956 | _aBrenda Tavárez | ||
| 956 | _aValidado. Control de calidad MFF | ||
| 999 |
_c8713 _d8713 |
||